| 000 | 01308naa a22003137a 4500 | ||
|---|---|---|---|
| 001 | BR7405259 | ||
| 003 | BR-BrBNA | ||
| 005 | 20240918173605.0 | ||
| 007 | ta | ||
| 008 | 230509b bl.||||| |||| 00| 0 por d | ||
| 040 |
_aBR-BrBNA _bpor _cBiblioteca Nacional de Agricultura |
||
| 041 | _a(Pt) | ||
| 072 |
_aF28 _b2120 _bG514 |
||
| 090 | _aF28 BR7405259 | ||
| 100 | 1 | _aChiarini, M.R. | |
| 100 | 1 | _aBrilho, L.C. | |
| 111 | 1 |
_aMesas Redondas do Algodao, do Cafe e da Conservacao do Solo _cSao Paulo, SP (Brazil) _d1948 |
|
| 245 | 1 | _aPlantio de novos cafezais em linhas de contorno [Erosao do solo; Coffea arabica; Brasil] | |
| 260 | 3 |
_aSao Paulo, SP (Brasil): _c1950. |
|
| 500 | _aAnais das Mesas Redondas do Algodao, do Cafe e da Conservacao do Solo; organizadas sob os auspicios do Instituto de Economia Rural, 1978/1949 Sao Paulo, SP (Brasil): 1950. p. 15-27 (BR7405259-AM)F28 | ||
| 650 | _aErosao do solo | ||
| 650 | _aCafe | ||
| 650 | _aPratica cultural | ||
| 650 | _aCordao em contorno | ||
| 650 | _aPlantio | ||
| 773 | 0 |
_tAnais das Mesas Redondas do Algodao, do Cafe e da Conservacao do Solo; organizadas sob os auspicios do Instituto de Economia Rural, 1978/1949 _b _wF28 BR7405259 _gSao Paulo, SP (Brasil), 1950. p. 15-27 |
|
| 909 |
_a202404 _bLucia _c55 _dLucia Elande |
||
| 942 |
_cAM _2AGRIS |
||
| 999 |
_c305610 _d305610 |
||